书目信息 |
| 题名: |
中国海藻志
|
|
| 作者: | 夏邦美 | |
| 分册: | 第二卷 红藻门 第五册:伊谷藻目 | |
| 出版信息: | 北京 科学出版社 1999.01 |
|
| 页数: | 201页 | |
| 开本: | 26cm | |
| 丛书名: | ||
| 单 册: | ||
| 中图分类: | Q949.29 | |
| 科图分类: | ||
| 主题词: | 植物分类学 | |
| 电子资源: | ||
| ISBN: | 7-03-006769-X | |
| 000 | 00656nam0 2200217 45 | |
| 001 | 0256824162 | |
| 005 | 2002040915470344 | |
| 010 | @a7-03-006769-X@dRMB 42.00 | |
| 100 | @a20020409d1999 km y0chiy0120 ea | |
| 101 | 0 | @achi |
| 102 | @aCN@b110000 | |
| 200 | 1 | @a中国海藻志@Azhong guo hai zao zhi@f夏邦美@FXia Bang Mei@h第二卷@i红藻门 第五册:伊谷藻目 |
| 210 | @a北京@c科学出版社@d1999.01 | |
| 215 | @a201页@d26cm | |
| 300 | @a附图 索引 | |
| 517 | @a红藻门 第五册:伊谷藻目@AHong Zao Men Di Wu Ce:Yi Gu Zao Mu | |
| 606 | 0 | @a植物分类学 |
| 690 | @aQ949.29@v3 | |
| 701 | 0 | @a夏邦美@AXia Bang Mei |
| 801 | 0 | @aCN@bPFT@c20020409 |
| 905 | @a10447@dQ949.29@eX176 | |
| 中国海藻志/夏邦美.第二卷.红藻门 第五册:伊谷藻目.-北京:科学出版社,1999.01 |
| 201页;26cm |
| 附图 索引 |
| ISBN 7-03-006769-X:RMB 42.00 |
| ● |
| 相关链接 |
|
|
|
正题名:中国海藻志
索取号:Q949.29/X176
 
预约/预借
| 序号 | 登录号 | 条形码 | 馆藏地/架位号 | 状态 | 备注 |
| 1 | 357448 | 203574480 | 生命科学与工程学院资料室/ [索取号:Q949.29/X176] | 在馆 | |
| 2 | 357449 | 203574499 | 生命科学与工程学院资料室/ [索取号:Q949.29/X176] | 在馆 |